00355nam a2200121Ia 4500008004100000100001700041245004600058245001500104260000900119300003800128440004900166650001800215171207s9999 xx 000 0 und d aFarley, Ned. aImprovisation as a Meta-Counseling Skill  cNed Farley c2017 apages 115-128, January-March 2017 aJournal of Creativity in Mental Healthv12:1 aMENTAL HEALTH